A medical laboratory for developing countries (Record no. 3621)
[ view plain ]
| 000 -LEADER | |
|---|---|
| fixed length control field | 00834nac a22002291u 4500 |
| 010 ## - LIBRARY OF CONGRESS CONTROL NUMBER | |
| LC control number | 74167270 |
| 020 ## - INTERNATIONAL STANDARD BOOK NUMBER | |
| International Standard Book Number | 0192649167 |
| 020 ## - INTERNATIONAL STANDARD BOOK NUMBER | |
| International Standard Book Number | 0192649108 (pbk.) |
| 082 00 - DEWEY DECIMAL CLASSIFICATION NUMBER | |
| Classification number | 616.0756028 |
| Item number | K521 |
| 090 ## - LOCALLY ASSIGNED LC-TYPE CALL NUMBER (OCLC); LOCAL CALL NUMBER (OCLC) | |
| -- | 3621 |
| -- | 3621 |
| 100 ## - MAIN ENTRY--PERSONAL NAME | |
| Personal name | King, Maurice H. |
| 245 12 - TITLE STATEMENT | |
| Title | A medical laboratory for developing countries |
| Statement of responsibility, etc | [by] Maurice King. |
| 260 ## - PUBLICATION, DISTRIBUTION, ETC. (IMPRINT) | |
| Place of publication, distribution, etc | London, |
| Name of publisher, distributor, etc | Oxford University Press,1973 |
| Date of publication, distribution, etc | 1973. |
| 300 ## - PHYSICAL DESCRIPTION | |
| Extent | 1 v. (various pagings) |
| Other physical details | illus. (part col.) |
| Dimensions | 26 cm. |
| 490 0# - Series Statement | |
| Series statement | Oxford medical publications |
| 500 ## - GENERAL NOTE | |
| General note | Donations |
| 500 ## - GENERAL NOTE | |
| General note | Donations-Bibliotheca Alexandrina |
| 504 ## - BIBLIOGRAPHY, ETC. NOTE | |
| Bibliography, etc | bibliography:p.13.33 |
| 650 #0 - SUBJECT ADDED ENTRY--TOPICAL TERM | |
| Topical term or geographic name as entry element | Medical laboratories. |
| 942 ## - ADDED ENTRY ELEMENTS (KOHA) | |
| Item type | Book - Borrowing |
| Call number prefix | 616.0756028K521 |
| Withdrawn status | Item status | Source of classification or shelving scheme | Damaged status | Not for loan | Home library | Current library | Shelving location | Date acquired | Source of acquisition | Total Checkouts | Full call number | Barcode | Date last seen | Koha item type |
|---|---|---|---|---|---|---|---|---|---|---|---|---|---|---|
| Dewey Decimal Classification | Central Library | Central Library | First floor | 02/05/2007 | Purchase | 616.0756028 KIN | 000030287 | 15/07/2025 | Book - Borrowing |